00601cam a22002051 4500001001300000003000400013005001700017008004100034010001700075035001900092040003000111050002500141082001000166100005300176245006600229260004500295300001800340490002000358999001700378ca 34000919 DLC20260227111132.0770317s1933 nyu 000 0 eng  aca 34000919  a(OCoLC)2810245 aDLCcRPBdRPBdOCoLCdDLC00aPS3501.L477bW5 1933 a812.51 aAllan, Dorothy C.q(Dorothy Carter),d1896-1974.10aWhen the sun rises,ba play in one act,cby Dorothy C. Allan. aNew York,bFitzgerald Pub. Corp.c[1933] a15 p.c19 cm.0 aPlayhouse plays c17406d17406